| 000 | 00686nam a22001817a 4500 | ||
|---|---|---|---|
| 005 | 20260226152645.0 | ||
| 008 | 260226b |||||||| |||| 00| 0 eng d | ||
| 020 | _a978-1-394-17308-2 | ||
| 050 | _aQA 76.9 .A25 H69 2023 | ||
| 100 | _aHOWARD ,RICK | ||
| 245 | _aCYBER SECURITY FIRST PRINCIPLES : A REBOOT OF STRATEGY AND TACTICS. | ||
| 260 |
_aHOBOKEN,NEW JERSEY. _bJOHN WILEY AND SONS. _c2023. |
||
| 300 | _axxiii,374p. ill. | ||
| 500 | _aINCLUDES INDEX | ||
| 650 | _a1.COMPUTER SECURITY 2.CYBER SECURITY STRATEGY 3.COMPUTER NETWORK SECURITY. | ||
| 700 | _aPETER KILPE, EXECUTIVE EDITOR STEVE WINTERFELD AND BRANDON KARPF, EDITORS FOREWORD BY MARK McLAUGHLIN | ||
| 942 |
_2lcc _cBK |
||
| 999 |
_c216713 _d216713 |
||